Celeste : Confiture de fraises - Statistiques

Statistiques générales
  • Ce quiz a été pris 5 fois
  • Le résultat moyen est 38 sur 44
Statistiques - réponses
Hint Réponse % Correct
Marée Myrtille Blueberry Bay
100%
Horlogerie Clockwork
100%
Casse-tête de Construction Construction Conundrum
100%
VIRGULE FLOTTANTE FLOATING POINT
100%
Piles Volantes Flying Battery
100%
Voie Forestière Forest Path
100%
Ruée Forestière Forest Rush
100%
Ruelle Dorée Golden Alleyway
100%
Aube Dorée Golden Dawn
100%
Couche de Lave Lava Layer
100%
Laboratoire des Lasers Léthaux Lethal Laser Laboratory
100%
Botanique en Apesanteur Low-G Botany
100%
Par-delà la Ville Over the City
100%
Flipper Infernal Pinball Purgatory
100%
Potentiel Polymorphe Potential for Anything
100%
Forêt Framboise Raspberry Roots
100%
Roseraie Rose Garden
100%
Carré le Cercle Square the Circle
100%
La Face Basse du Sommet Summit Down-Side
100%
Le Coeur du Problème The Core Problem
100%
La Maison Dieu (XVI) The Tower (XVI)
100%
Penser Portail Thinking with Portals
100%
Arbruche Treehive
100%
Abeilles Affolées Bee Berserk
80%
Cave du Ciel Carmin Cave of the Crimson Sky
80%
La Cité du Coeur Coresaken City
80%
La Cité du Crépuscule Dusk City
80%
Ascension Celeste Ethereal Ascension
80%
Pointe Nocturne Midnight Spire
80%
Usurpateur d'Horizons Skyline Usurper
80%
A la Belle Etoile Sleeping Under Stars
80%
La Station des Etoiles Starlight Station
80%
Ruines Etoilées Starry Ruins
80%
Course Orageuse Storm Runner
80%
Fraiseraie Strawberry Orchard
80%
Horizon en Déroute Collapsing Skyline
60%
Dérive Profonde Drifting Deep
60%
Baie Bouclée Loopy Lagoon
60%
Engins Insignifiants Meaningless Contraptions
60%
Vallon Etroit Narrow Hollow
60%
Gouttelettes de Rosée Raindrops on Roses
60%
Cosmos Carambole Starfruit Supernova
60%
Théorie des Activations Toggle Theory
60%
Cascades Embroussaillées Overgrown Linn
40%
Aucun quiz correspondant
Distribution des résultats
% des personnes avec chaque résultat
Percentile par nombre de réponses
Votre historique - résultats
Vous n’avez pas pris ce quiz